Cloisters Pale (Record no. 152827)

MARC details
000 -LEADER
fixed length control field 00669nam a22002417a 4500
003 - CONTROL NUMBER IDENTIFIER
control field dpl
005 - DATE AND TIME OF LATEST TRANSACTION
control field 20180619134732.0
008 - FIXED-LENGTH DATA ELEMENTS--GENERAL INFORMATION
fixed length control field 180619b xxu||||| |||| 00| 0 eng d
016 ## - NATIONAL BIBLIOGRAPHIC AGENCY CONTROL NUMBER
Record control number A-715343
020 ## - INTERNATIONAL STANDARD BOOK NUMBER
International Standard Book Number 8170391482
022 ## - INTERNATIONAL STANDARD SERIAL NUMBER
International Standard Serial Number 8170391482
035 ## - SYSTEM CONTROL NUMBER
System control number A-715343
037 ## - SOURCE OF ACQUISITION
Source of stock number/acquisition BPPD/PUB
040 ## - CATALOGING SOURCE
Transcribing agency 0
082 14 - DEWEY DECIMAL CLASSIFICATION NUMBER
Classification number 378.052095441
100 1# - MAIN ENTRY--PERSONAL NAME
Personal name Tikekar Aroon
245 1# - TITLE STATEMENT
Title Cloisters Pale
Statement of responsibility, etc by Aroon Tikekar
260 ## - PUBLICATION, DISTRIBUTION, ETC. (IMPRINT)
Place of publication, distribution, etc Mumbai
Name of publisher, distributor, etc Somaiya Publications PVT. LTD.
Date of publication, distribution, etc 1984
300 ## - PHYSICAL DESCRIPTION
Extent xiv, 292p.
Dimensions 23cm (HB)
490 ## - SERIES STATEMENT
Series statement Agatha Christies
500 ## - GENERAL NOTE
General note Include Index
942 ## - ADDED ENTRY ELEMENTS (KOHA)
Institution code [OBSOLETE] dpl
Koha item type English Books
Call number prefix 378.052095441/TIK
Source of classification or shelving scheme Dewey Decimal Classification
Classification part 378.052095441
Call number suffix TIK
Holdings
Withdrawn status Lost status Source of classification or shelving scheme Damaged status Not for loan Collection code Home library Current library Date acquired Source of acquisition Cost, normal purchase price Total Checkouts Full call number Barcode Date last seen Cost, replacement price Price effective from Koha item type
    Dewey Decimal Classification     Non-fiction Shahdara Branch Shahdara Branch 19/06/2018 BPPD/PUB 0.00   378.052095441 TIK A-715343 19/06/2018 0.00 19/06/2018 English Books

© Delhi Public Library
Hit Counter
free hit counter